000 00651nam a2200229 u 4500
005 20240910064111.0
008 121003s2011 mx r 000 0 spa d
020 _a9786077689584
035 _aUPN01000187000
049 _aI
050 4 _aPZ78
_bB3.36
100 1 _aBallaz Zabalza, Jesús,
_d1946-
_934350
245 1 3 _aUn conejo en el sombrero /
_cJesús Ballaz ; il. Francesc Rovira.
260 _aMéxico :
_bEdebé,
_c2011.
300 _a48 p. :
_bil. col.
440 0 _aTucán azul.
_p6+
650 4 _aCuentos infantiles españoles
_97725
650 7 _aAmistad
_2
_94317
905 _aInfantil
999 _c159103
_d159103